00586nam a2200217Ia 4500008004100000020001800041050001900059050002100078100002100099245004800120245004300168260001700211260001900228260000900247300001700256300002000273300001100293500002000304650002200324650002200346180523s9999 xx 000 0 und d a971-08-2199-7 aMAIN TX 911.3  b.M27G73 1982 c.1 aGray, William S. 0aHotel and motel management and operations / 0cWilliam S. Gray, Salvatore C. Liguori. aNew Jersey : bPrentice Hall, c1982 a360 pages :  billustrations ; c25 cm. aIncludes index. aHotel management. xMotel management.